[Event "Roncana op-C 9th"]
[Site "Santa Eulalia de Roncana"]
[Date "2015.11.14"]
[Round "6"]
[White "Navajas Alvarez, Antoni"]
[Black "Melchor Comas, Oriol"]
[Result "1/2-1/2"]
[WhiteElo "1734"]
[BlackElo "1681"]
[PlyCount "40"]
[EventDate "2015.10.03"]
[EventType "swiss"]
[EventRounds "8"]
[EventCountry "ESP"]
[SourceTitle "EXT 2017"]
[Source "ChessBase"]
[SourceDate "2016.10.25"]
[SourceVersion "1"]
[SourceVersionDate "2016.10.25"]
[SourceQuality "1"]

1. e4 e5 2. d4 d5 3. exd5 exd4 4. Qxd4 b6 5. Nf3 Bc5 6. Qd1 Bg4 7. Bd3 Nf6 8. 0-0 0-0 9. Bf4 Nxd5 10. Bd2 Nc6 11. Nc3 Nxc3 12. Bxc3 Qe7 13. b4 Bd6 14. Re1 Be5 15. Bxe5 Nxe5 16. Rxe5 Qxb4 17. Re4 Qd6 18. Rxg4 Rfe8 19. Qd2 Re6 20. Qc3 g6 1/2-1/2

[Event "Roncana op-C 9th"]
[Site "Santa Eulalia de Roncana"]
[Date "2015.11.07"]
[Round "5"]
[White "Melchor Comas, Oriol"]
[Black "Garcia Corominas, Erika"]
[Result "1-0"]
[WhiteElo "1681"]
[BlackElo "1436"]
[PlyCount "51"]
[EventDate "2015.10.03"]
[EventType "swiss"]
[EventRounds "8"]
[EventCountry "ESP"]
[SourceTitle "EXT 2017"]
[Source "ChessBase"]
[SourceDate "2016.10.25"]
[SourceVersion "1"]
[SourceVersionDate "2016.10.25"]
[SourceQuality "1"]

1. e4 e5 2. Nf3 Nc6 3. Bc4 Nf6 4. 0-0 Bc5 5. Nc3 0-0 6. Na4 Qe7 7. Nxc5 Qxc5 8. c3 Qxc4 9. d3 Qb5 10. c4 Qa6 11. Bg5 d6 12. Qb3 b6 13. Qb5 Qb7 14. d4 a6 15. Qb3 Na5 16. Qb4 Ng4 17. Qa4 b5 18. cxb5 axb5 19. Qc2 c6 20. Rfe1 Bd7 21. d5 cxd5 22. Be7 Rfe8 23. Qc3 Rxe7 24. Re2 Rae8 25. h3 Be6 26. Rc1 1-0

[Event "Roncana op-C 9th"]
[Site "Santa Eulalia de Roncana"]
[Date "2015.10.17"]
[Round "2"]
[White "Garcia Vivas, Victor"]
[Black "Melchor Comas, Oriol"]
[Result "0-1"]
[WhiteElo "1312"]
[BlackElo "1681"]
[PlyCount "38"]
[EventDate "2015.10.03"]
[EventType "swiss"]
[EventRounds "8"]
[EventCountry "ESP"]
[SourceTitle "EXT 2017"]
[Source "ChessBase"]
[SourceDate "2016.10.25"]
[SourceVersion "1"]
[SourceVersionDate "2016.10.25"]
[SourceQuality "1"]

1. Nf3 d5 2. d4 Nc6 3. e3 e5 4. dxe5 Nb4 5. Bb5+ c6 6. Ba4 Bf5 7. h3 Nxc2+ 8. Kf1 Nxa1 9. e4 Bxe4 10. Na3 Bxa3 11. bxa3 Bd3+ 12. Ke1 Qa5+ 13. Bd2 Bc2 14. Qc1 Nb3 15. axb3 Qa6 16. b4 Bxa4 17. b5 Bxb5 18. Qc2 Ba4 19. Qa2 0-0-0 0-1